000 00701nam a2200265Ia 4500
003 OSt
005 20220918163944.0
006 a|||||r|||| 00| 0
007 ta
008 220917b |||||||| |||| 00| 0 eng d
020 _a0335202063 (pbk)
024 _a172,810
037 _cTextual
040 _aARTS
_cARTS
_beng
041 _2eng
_aeng
082 _az4, N9 (SC)
100 _aZiauddin Sardar
_916247
245 0 _aOrientalism
260 _aBuckingham
_bOpen University Press
_c1999
300 _aviii, 136p.
_ccm.
490 _aConcepts in the social sciences
650 _aGENERALIA
942 _hz4, N9 (SC)
_cTEXL
_2CC
999 _c122315
_d122315